U susedov, tam je topoľ... ; Ilustr. Peter Cpin ml.

Bibliographic Details
Other Authors: Cpin, Peter ml (Illustrator)
Format: Article
Language:Slovak
PhysicalDescription:Noty
Subjects:

MARC

LEADER 00000nab a2200000 a 4500
001 vtls000489973
003 SK-MaSNL
005 20260303124503.0
008 120927c1993 xo 0 slo
015 |a SNBRB19rr/mm-uuuuu 
035 |a CL0490111 
040 |a SNKBUCL  |b slo  |c SNKBUCL  |e AACR2 
041 0 |a slo 
044 |a xo  |c SK 
080 |a 885.4-1  |2 1981 
080 |a 398.8(=854)  |2 1981 
080 |a 784.4  |2 1981 
245 0 0 |a U susedov, tam je topoľ... ; Ilustr. Peter Cpin ml. 
300 |b Noty 
650 0 7 |a ľudové piesne  |2 snkbucl  |9 1941 
655 7 |a články z novín a časopisov  |2 snkbucl  |9 267496 
655 7 |a články z odboru literárna veda a krásna literatúra  |2 snkbucl  |9 770045 
700 1 |a Cpin, Peter  |c ml.  |4 ill  |9 1000189 
773 0 |t Slniečko  |g Roč. 47, č. 9 (1993), s. 15 
850 |a Slovenská národná knižnica v Martine  |a MTA001 
852 |a SNK  |b KIS3GCP 
958 |a RK 
958 |a LX 
992 |a RBX 
999 |c 1930708  |d 1932638